"Правда" против "вала": Актуальные проблемы радикальной экономической реформы (Запис № 318898)

МАРК-запис
000 -Лідер
fixed length control field 00647nam a22002297a 4500
003 - Ідентифікатор контрольного номера
control field UA-OsUOA
001 - Контрольний номер
control field 32454
007 - Фіксоване поле фізичного опису
fixed length control field ta
008 - Елементи даних фіксованої довжини – загальна інформація
fixed length control field 20050202b un ||||| |||| 00| 0 ukr d
090 ## - Локальний шифр розміщення
Класифікаційний індекс УДК 338
Авторський знак (НП) П-68
040 ## - Джерело каталогізації
Агенція оригінальної каталогізації UA-OsUOA
Мова каталогізації rus
Агенція, яка здійснювала перезапис UA-OsUOA
Агенція, яка здійснювала модифікацію UA-OsUOA
041 ## - Код мови
Код мови тексту/ звукової доріжки чи окремого заголовка (П) rus
080 ## - Індекс Універсальної десяткової класифікації
Індекс Універсальної десяткової класифікації (УДК) (НП) 338
044 ## - Код країни видавця/ виробника
Код країни видавця/ виробника (П) RU
245 ## - Відомості про назву
Назва (НП) "Правда" против "вала": Актуальные проблемы радикальной экономической реформы
Дані про відповідальність (НП) Сост. В. И.Гончаров
260 ## - Публікація, розповсюдження і т.п. (Вихідні дані)
Місце публікації, розповсюдження і т.п. (П) Москва
Ім’я/ наймення видавництва, розповсюджувача і т.п. (П) Правда
Дата публікації, розповсюдження і т.п. (П) 1989
300 ## - Фізичний опис
Обсяг 400 с.
650 #7 - Додаткове предметне введення – тематичний термін
Джерело заголовка чи терміна UDC
942 ## - Додаткові елементи входу (Коха)
Тип елемента Koha Книги
955 ## - Код типу видання за змістом
Код типу видання за змістом (НП) інше
Фонди
Стан вилучень Стан втрат Джерело класифікації або схеми стелажів Стан уражень Не для кредиту Постійне місце розташування Поточне розміщення Дата придбання Вартість, звичайна ціна покупки Інвентарний номер Усього замовленно Повний номер виклику Штрих-код Дата останнього перегляду Ціна ефективна від Тип елемента Koha
    Universal Decimal Classification     АБ - Абонемент НБ АБ - Абонемент НБ 02/02/2005 5.00 23799   338 П-68 23799 14/06/2022 02/02/2005 Книги